Library Banner
Normal view MARC view

Entry Topical Term

Number of records used in: 1

001 - CONTROL NUMBER

  • control field: 6380

003 - CONTROL NUMBER IDENTIFIER

  • control field: PK-LaUMT

005 - DATE AND TIME OF LATEST TRANSACTION

  • control field: 20250617111419.0

008 - FIXED-LENGTH DATA ELEMENTS

  • fixed length control field: 250617|| aca||aabn | a|a d

040 ## - CATALOGING SOURCE

  • Original cataloging agency: PK-LaUMT
  • Transcribing agency: PK-LaUMT

150 ## - HEADING--TOPICAL TERM

  • Topical term or geographic name as entry element: Tomography, X-Ray Computed

670 ## - SOURCE DATA FOUND

  • Source citation: Work cat.: (PK-LaUMT)137788: Anderson, Mark W. 6378, Sectional anatomy by MRI and CT /, 2025